LEADER 00964nam a2200229 i 4500 001 991002050109707536 008 070111s1931 it 000 0 ita d 035 $ab13468157-39ule_inst 040 $aBiblioteca Interfacoltà$bita 082 04$a850.3 100 1 $aTurri, Vittorio$0151774 245 10$aDizionario storico manuale della letteratura italiana (1000-1900) :$bcompilato ad uso delle Persone colte e delle Scuole /$cVittorio Turri 250 $a2. ed. 260 $aTorino :$bDitta G.B. Paravia e Comp.,$c1931 300 $axv, 403 p. ;$c21 cm 650 4$aLetteratura Italiana$xStoria$xdizionari 907 $a.b13468157$b02-04-14$c11-01-07 912 $a991002050109707536 945 $aLE002 SB 850.3 TUR$g1$i2002000421210$lle002$op$pE0.00$q-$rn$so $t0$u1$v0$w1$x0$y.i14343289$z11-01-07 996 $aDizionario storico manuale della letteratura italiana (1000-1900)$91094882 997 $aUNISALENTO 998 $ale002$b11-01-07$cm$da $e-$fita$git $h0$i0 LEADER 01260nas 2200433- 450 001 9910214916403321 005 20260218111133.0 011 $a2386-3137 035 $a(OCoLC)1102612471 035 $a(CKB)9870000000002135 035 $a(CONSER)--2019240257 035 $a(DE-599)ZDB3007301-7 035 $a(DE-599)3007301-7 035 $a(EXLCZ)999870000000002135 100 $a20181029a20139999 --- - 101 0 $aeng 135 $aurunu|||||||| 181 $ctxt$2rdacontent 182 $cn$2rdamedia 183 $anc$2rdacarrier 200 00$aTuning journal for higher education 210 1$aBilbao, Spain :$cTuning Academy,$d2013- 300 $aIssues have also thematic titles 300 $aRefereed/Peer-reviewed 311 08$a2340-8170 517 1 $aTJHE 531 $aTUNING J. HIGH. EDUC. (INTERNET) 606 $aEducation, Higher$vPeriodicals 606 $aTuning$2fast$3(OCoLC)fst01158942 608 $aPeriodicals.$2fast 615 0$aEducation, Higher 615 7$aTuning. 712 02$aTuning Academy, 712 02$aUniversidad de Deusto, 712 02$aRijksuniversiteit Groningen, 906 $aJOURNAL 912 $a9910214916403321 996 $aTuning journal for higher education$92573365 997 $aUNINA